An introduction to fiber optics / (Record no. 190621)
[ view plain ]
| 000 -LEADER | |
|---|---|
| fixed length control field | 01157 a2200241 4500 |
| 003 - CONTROL NUMBER IDENTIFIER | |
| control field | Nust |
| 005 - DATE AND TIME OF LATEST TRANSACTION | |
| control field | 20220811150418.0 |
| 010 ## - LIBRARY OF CONGRESS CONTROL NUMBER | |
| LC control number | 97036652 |
| 020 ## - INTERNATIONAL STANDARD BOOK NUMBER | |
| International Standard Book Number | 0521571200 (hbk.) |
| 020 ## - INTERNATIONAL STANDARD BOOK NUMBER | |
| International Standard Book Number | 0521577853 (pbk.) |
| 040 ## - CATALOGING SOURCE | |
| Transcribing agency | Nust |
| 082 00 - DEWEY DECIMAL CLASSIFICATION NUMBER | |
| Classification number | 621.3692,GHA |
| 100 1# - MAIN ENTRY--PERSONAL NAME | |
| Personal name | Ghatak, A. K. |
| 9 (RLIN) | 96907 |
| 245 13 - TITLE STATEMENT | |
| Title | An introduction to fiber optics / |
| Statement of responsibility, etc. | Ajoy Ghatak and K. Thyagarajan. |
| 260 ## - PUBLICATION, DISTRIBUTION, ETC. | |
| Place of publication, distribution, etc. | Cambridge ; |
| -- | New York : |
| Name of publisher, distributor, etc. | Cambridge University Press, |
| Date of publication, distribution, etc. | 1998. |
| 300 ## - PHYSICAL DESCRIPTION | |
| Extent | xvi, 565 p. : |
| Other physical details | ill. ; |
| Dimensions | 27 cm. |
| 505 ## - FORMATTED CONTENTS NOTE | |
| Formatted contents note | Introduction (Page-1), Basic Optics (Page-9), Basic Characteristics Of The Optical Fiber (Page-29), Ray Paths And Pulse (Page-44), Pulse Dispersion In Graded Index (Page-65), Material Dispersion (Page-78), Modes In Planar Waveguides (Page-97), Sources Of Optical Fiber Comm (Page-200), Semiconductor Lasers (Page-209), Optical Fiber Amplifiers (Page-281). |
| 650 #0 - SUBJECT ADDED ENTRY--TOPICAL TERM | |
| Topical term or geographic name entry element | Telecommunication Engineering. |
| 700 1# - ADDED ENTRY--PERSONAL NAME | |
| Personal name | Thyagarajan, K. |
| 9 (RLIN) | 96908 |
| 856 42 - ELECTRONIC LOCATION AND ACCESS | |
| Materials specified | Publisher description |
| Uniform Resource Identifier | <a href="http://www.loc.gov/catdir/description/cam028/97036652.html">http://www.loc.gov/catdir/description/cam028/97036652.html</a> |
| 856 42 - ELECTRONIC LOCATION AND ACCESS | |
| Materials specified | Table of contents |
| Uniform Resource Identifier | <a href="http://www.loc.gov/catdir/toc/cam028/97036652.html">http://www.loc.gov/catdir/toc/cam028/97036652.html</a> |
| 942 ## - ADDED ENTRY ELEMENTS (KOHA) | |
| Source of classification or shelving scheme | |
| Koha item type | Book |
| Withdrawn status | Lost status | Source of classification or shelving scheme | Damaged status | Not for loan | Permanent Location | Current Location | Shelving location | Date acquired | Full call number | Barcode | Date last seen | Price effective from | Koha item type | Public note |
|---|---|---|---|---|---|---|---|---|---|---|---|---|---|---|
| Military College of Signals (MCS) | Military College of Signals (MCS) | Reference | 12/12/2016 | 621.3692,GHA | MCS26774 | 12/08/2016 | 12/12/2016 | Reference | Almirah No.20, Shelf No.6 |
